000 00774nam0a22002531 4500
001 rc\393437
005 20030616165455.5
010 _a5-89960-002-0
_960000
035 _a(NLR Aleph) 005642959
090 _a6688908
_c6688908
100 _a20030616d1989 u |0rusy50 ca
101 0 _arus
102 _aRU
105 _aa |||||||||
200 1 _aРига
_eЭнциклопедия
_e[Перевод
_fГл. ред. П.П. Еран]
210 _aРига
_cГл. ред. энциклопедий
_d1989
215 _a877, [1] с.
_cил.
_d24
320 _aИмен. указ.: с. 842-877
702 1 _aЕран
_bП. П.
_gПетр Петрович
_4340
801 0 _aRU
_bNLR
_gpsbo
801 1 _aRU
_bELAR
_2rusmarc
852 _aNLR
_bС
_jК-3/175
942 _cBOOK
980 _aNB